000 00931nam a22002651u 4500
001 12295
003 HDC
007 cr bn ---
008 210209p2004 my eng
040 _aHDC
100 _aFadelah Abdul Aziz,
_eauthor
_912736
245 0 _aSelection of miniature Dendrobium orchids as potential potted plants /
_cby Fadelah Abdul Aziz
260 _aSerdang :
_bMalaysian Agricultural Research and Development Institute (MARDI),
_c2004
300 _a2 pages
336 _atext
_2rdacontent
337 _acomputer
_2rdamedia
338 _aonline resource
_2rdacarrier
650 _aDendrobium
_912826
650 _aMiniature
_912827
650 _aPotted orchid
_912828
856 _zRequest full-text at [email protected]
942 _2lcc
942 _cAR
942 _kJART 003078
999 _c9618
_d9618